| 000 | 01109nam a2200313 a 4500 | ||
|---|---|---|---|
| 001 | BRCA_228 | ||
| 005 | 20190320202927.0 | ||
| 008 | 840525s1983 mx-a---##b---#001-0#spa-# | ||
| 020 | _a968719300X | ||
| 040 |
_aDLC _cDLC _dDLC |
||
| 041 | _aspaeng | ||
| 050 | 4 |
_aF1219.56 _b.L54 1983 |
|
| 245 | 1 | 0 |
_aEl lienzo de Tlaxcala _ceditor Mario de la Torre ; textos de Josefina García Quintana, Carlos Martínez Marín. |
| 260 |
_aMéxico _bCartón y Papel de México _c1983 |
||
| 300 |
_a176 p. _bil. (algunas a color) _c49 cm. |
||
| 440 | 0 |
_aColección CPM [Cultura y Pasado de México] _9779 |
|
| 500 | _aIncluye índice onomástico e índice de sitios geográficos | ||
| 504 | _aBibliografía: p. 176 | ||
| 546 | _aTexto en español e inglés | ||
| 650 | 1 | 4 |
_aTlaxcaltecas _9780 |
| 650 | 1 | 4 |
_aManuscritos mexicanos _9781 |
| 650 | 1 | 4 |
_aPictografía mexicana _9782 |
| 651 | 4 |
_aMéxico _xHistoria _yConquista, 1519-1540 _9442 |
|
| 653 | 0 | _aCódice Tlaxcalteca | |
| 700 | 1 |
_aGarcía Quintana, Josefina _9783 |
|
| 700 | 1 |
_aMartínez Marín, Carlos _9784 |
|
| 700 | 1 |
_aTorre, Mario de la _9785 |
|
| 942 |
_2lcc _cB |
||
| 999 |
_c185 _d185 |
||